000 00473nam a2200181Ia 4500
001 9486
005 20260306161722.0
008 260306t2013||||xx |||||||||||||| ||spa||
041 _aESP
082 _a379.158
_bY915
100 _aYamada, Gustavo
_eAUT
245 0 _aCalidad y acreditación de la educación superior:
_bretos urgentes para el Perú
260 _c2013
300 _a213 páginas :
_c21 cm.
650 _aGEN
654 _aCED
942 _cLIB
_dJUS
_fJUS
_2ddc
_n
999 _c9486
_d9486